| 000 | 03349cam a2200925 4500 | ||
|---|---|---|---|
| 001 | 21455 | ||
| 003 | VRT | ||
| 005 | 20260302123839.0 | ||
| 008 | 200507s2019 xr o crn 000 0cslo | ||
| 015 | _aSNBZSA2020/01 | ||
| 020 |
_a9788025511824 _q(viazané) |
||
| 035 | _aurn:nbn:sk:snk-am00dyeq | ||
| 035 | _aurn:nbn:sk:snk-am3i9ga | ||
| 035 | _a4E9D0F59-A33D-4A54-9664-BD819016ED60 | ||
| 039 | 9 |
_a202005070814 _bVLOAD _c202001161235 _dmsnk123 _c201911141208 _dmsnk06 _c201911071510 _dmsvkbb06 |
|
| 040 |
_aPOKPOH _bslo _cPOKPOH _dSNK _erda |
||
| 041 | 1 |
_aslo _hita |
|
| 044 |
_axr _cCZ |
||
| 072 | 7 |
_a929 _xBiografie _2konspekt |
|
| 072 | 7 |
_a0/9-053.2 _xLiteratúra pre deti a mládež (náučná) _2konspekt |
|
| 080 |
_a929 _22011 |
||
| 080 |
_a101-051 _22011 |
||
| 080 |
_a82-051 _22011 |
||
| 080 |
_a001.894-051 _22011 |
||
| 080 |
_a001-051 _22011 |
||
| 080 |
_a001-055.2 _22011 |
||
| 080 |
_a78.071.1/.2 _22011 |
||
| 080 |
_a72.071 _22011 |
||
| 080 |
_a929.731-055.2 _22011 |
||
| 080 |
_a(0:82-322.6) _22011 |
||
| 080 |
_a(03)82-93-053.4/.6 _22011 |
||
| 100 | 1 |
_aCioni, Chiara _4aut |
|
| 245 | 1 | 0 |
_a20 výnimočných osobností, ktoré zmenili svet _ctexty: Chiara Cioni, Jacopo Olivieri, Rosalba Troiano ; ilustrácie: Giovanni Abeille, Letizia Depedri, Marisa Vestita, Marilisa Cotroneo ; preklad: Jana Chrtianska |
| 246 | 3 | 0 | _aDvadsať výnimočných osobností, ktoré zmenili svet |
| 250 | _a1. vydanie | ||
| 264 | 1 |
_aPraha _bRebo International _c2019 |
|
| 300 |
_a88 strán _bfarebné ilustrácie _c27 cm |
||
| 336 |
_atext _btxt _2rdacontent |
||
| 336 |
_astatický obraz _bsti _2rdacontent |
||
| 337 |
_abez média _bn _2rdamedia |
||
| 338 |
_azväzok _bnc _2rdacarrier |
||
| 490 | 1 | _aNeobyčajné príbehy | |
| 500 | _aPravdepodobne preložené z taliančiny | ||
| 504 | _aBibliografia na strane 87 | ||
| 650 | 0 | 7 |
_aosobnosti _2SNKPH |
| 650 | 0 | 7 |
_afilozofi _2SNKPH |
| 650 | 0 | 7 |
_aspisovatelia _2SNKPH |
| 650 | 0 | 7 |
_aobjavitelia a vynálezcovia _2SNKPH |
| 650 | 0 | 7 |
_avedci _2SNKPH |
| 650 | 0 | 7 |
_avedkyne _2SNKPH |
| 650 | 0 | 7 |
_ahudobníci _2SNKPH |
| 650 | 0 | 7 |
_aarchitekti _2SNKPH |
| 650 | 0 | 7 |
_apanovníčky _2SNKPH |
| 650 | 0 | 7 |
_aCelebrities _2SNKPHeng |
| 650 | 0 | 7 |
_aPhilosophers _2SNKPHeng |
| 650 | 0 | 7 |
_aAuthors _2SNKPHeng |
| 650 | 0 | 7 |
_aInventors _2SNKPHeng |
| 650 | 0 | 7 |
_aScientists _2SNKPHeng |
| 650 | 0 | 7 |
_aWomen scientists _2SNKPHeng |
| 650 | 0 | 7 |
_aMusicians _2SNKPHeng |
| 650 | 0 | 7 |
_aArchitects _2SNKPHeng |
| 650 | 0 | 7 |
_aQueens and empresses _2SNKPHeng |
| 655 | 7 |
_abiografické príbehy _2SNKPH |
|
| 655 | 7 |
_apublikácie pre deti a mládež _2SNKPH |
|
| 655 | 7 |
_aBiographical stories _2SNKPHeng |
|
| 655 | 7 |
_aPublications for children and youth _2SNKPHeng |
|
| 700 | 1 |
_aOlivieri, Jacopo _4aut |
|
| 700 | 1 |
_aTroiano, Rosalba _4aut |
|
| 700 | 1 |
_aAbeille, Giovanni _4ill |
|
| 700 | 1 |
_aDepedri, Letizia _4ill |
|
| 700 | 1 |
_aVestita, Marisa _4ill |
|
| 700 | 1 |
_aCotroneo, Marilisa _4ill |
|
| 700 | 1 |
_aChrtianska, Jana _4trl |
|
| 830 | 0 | _aNeobyčajné príbehy | |
| 942 |
_2ddc _cKLDE _n0 |
||
| 949 |
_6273K0646541 _asvkpoC 60253 _bsvkpo638327 |
||
| 949 |
_6270001000576582 _asvkbbC 64331 _bsvkbbm 787268 |
||
| 949 |
_617A1392741 _asnkSB 94816 _bsnk2019/29418 _oPemic53-ah/1Int. č. fa – 75/2019 _s6100:20191118 |
||
| 949 |
_617A1392742 _asnkSB 94816 D1 _bsnk2019/29419 _oPemic53-ah/1Int. č. fa – 75/2019 |
||
| 999 |
_c21455 _d21455 |
||